Normal view
MARC view
- Shad ʻAaizabadi,
Entry Personal Name
001 - CONTROL NUMBER
- control field: 6481
003 - CONTROL NUMBER IDENTIFIER
- control field: NUST
005 - DATE AND TIME OF LATEST TRANSACTION
- control field: 20171117095449.0
008 - FIXED-LENGTH DATA ELEMENTS
- fixed length control field: 171117|| aca||aabn | a|a d
040 ## - CATALOGING SOURCE
- Original cataloging agency: NUST
- Transcribing agency: NUST
100 ## - HEADING--PERSONAL NAME
- Personal name: Shad ʻAaizabadi,
- Dates associated with a name: 1846-1927.
670 ## - SOURCE DATA FOUND
- Source citation: Work cat.: (NUST)0: Shad ʻAaizabadi, 1846-1927., Intikhab-i kalam-i Shad ʻAzimabadi /, 2009.
